| 000 | 00440nam a2200169 a 4500 | ||
|---|---|---|---|
| 001 | 985 | ||
| 003 | CO-ViMGA | ||
| 008 | 141112s2004 ck r 000 u spa d | ||
| 040 |
_aCO-ViMGA _bspa _cCO-ViMGA |
||
| 082 | 0 | 4 | _a808.3 B673 |
| 100 | 1 |
_aBorges, Jorge Luis _92860 |
|
| 245 | 1 | 0 | _aBiblioteca personal (prólogos) |
| 260 |
_aBogotá : _bAlianza, _c1988 |
||
| 300 | _a132 p | ||
| 650 | 1 | 4 | _aNOVELA CRITICA E INTERPRETACION |
| 942 |
_2ddc _cBK |
||
| 999 |
_c13209 _d13209 |
||